| Tag |
First Indicator |
Second Indicator |
Subfields |
| LEADER |
00000cam a22000005a 4500 |
| 001 |
in00000071026 |
| 005 |
20151008062023.0 |
| 008 |
790724s1979 pauaf 00010 eng d |
| 010 |
|
|
|a 78021827
|
| 020 |
|
|
|a 0801967260 (pbk. :)
|c $7.95
|
| 035 |
|
|
|a (OCoLC)05202981
|
| 035 |
|
|
|9 AAJ9345AM
|
| 040 |
|
|
|a MNL
|c MNL
|d TXA
|d UtOrBLW
|
| 049 |
|
|
|a TXAM
|c [1271818]
|
| 090 |
|
|
|a TT298
|b .W4
|
| 092 |
|
|
|a 748.5
|
| 100 |
1 |
|
|a Weiner, Kay Bain.
|
| 245 |
1 |
0 |
|a Stained glass magic :
|b mix and match patterns and projects /
|c Kay Bain Weiner.
|
| 264 |
|
1 |
|a Radnor, Pa. :
|b Chilton Book,
|c [1979]
|
| 264 |
|
4 |
|c ©1979
|
| 300 |
|
|
|a xii, 208 pages, 4 unnumbered pages of plates :
|b illustrations (some color) ;
|c 26 cm.
|
| 336 |
|
|
|a text
|b txt
|2 rdacontent
|
| 337 |
|
|
|a unmediated
|b n
|2 rdamedia
|
| 338 |
|
|
|a volume
|b nc
|2 rdacarrier
|
| 490 |
1 |
|
|a Chilton's creative crafts series
|
| 500 |
|
|
|a Sources of supply.
|
| 650 |
|
0 |
|a Glass painting and staining.
|
| 830 |
|
0 |
|a Chilton's creative crafts series.
|
| 999 |
|
|
|a MARS
|
| 999 |
f |
f |
|s d726b246-f042-3a61-852f-75b6f2029688
|i 5f12d976-baa6-3164-b2b8-8ff5cef62a80
|t 0
|
| 952 |
f |
f |
|p ric
|a Texas A&M University
|b Rellis Campus
|c Joint Library Facility
|d Remote Storage
|t 0
|e TT298 .W4
|h Library of Congress classification
|i unmediated -- volume
|m A14806259484
|
| 998 |
f |
f |
|a TT298 .W4
|t 0
|l Remote Storage
|